000 01012nam a22003137a 4500
003 CHAP
005 20220817042051.0
008 971013s1982 br r 00010 spa d
010 _a33552
011 _a34524
035 _a38640
040 _cCHAP
082 0 4 _a633.85
_bE55
110 2 _aEmpresa Brasileira de Pesquisa Agropecuaria
245 1 _aBibliografía internacional de jojoba (Simmondsia chinensis (Link) Schneider)
260 _aBrasilia :
_bEMBRAPA,
_c1982
300 _a168 p.
590 _aBATCH-UPD
_b10
_c20130109
_lUCH01
_h2348
590 _aBATCH-UPD
_b10
_c20130110
_lUCH01
_h2143
590 _aBATCH-UPD
_b10
_c20130410
_lUCH01
_h1452
590 _aBATCH-UPD
_b10
_c20130914
_lUCH01
_h1705
590 _aCONVERSION
_b10
_c20130109
_lUCH01
_h1319
650 1 4 _aJojoba
_xBibliografía.
_961938
700 0 _aMatos, Marynice de Madeiros.
_973042
700 0 _aPereira, Dalva Alves.
_987116
901 _aBK
942 _cLIBRO
949 _a633.85 E55
_bBC
_cC
_d33724000653663
_eC
_h62205
_i38640
_mD
_si
999 _c33552
_d33552